000 00667nam a2200217Ia 4500
003 GCL
005 20240530110219.0
008 140319s9999 xx 000 0 ara d
040 _aGCL /
_cGCL
082 0 4 _a953
_bا ك
100 _aابن الاثير
245 1 0 _aالكامل فى التاريخ /
_cابن الاثير
260 _aبيروت:
_bدار صادر ،
_c1995
300 _a13 مج ؛
_c24 سم
650 0 4 _aالتاريخ الاسلامى
650 0 4 _aالحضارة الاسلامية
650 0 4 _aالمعارك
650 0 4 _aالغزوات الاسلامية
650 0 4 _aالعالم العربى - تاريخ
942 _2ddc
_cREF
999 _c59380
_d59380